| 000 | 00379nam a2200133Ia 4500 | ||
|---|---|---|---|
| 008 | 240719s9999 xx 000 0 und d | ||
| 041 | _aeng | ||
| 082 | _a658.8 BHA | ||
| 100 | _aBhatia, Singh Puneet | ||
| 245 | _aSocial Media And Mobile Marketing Includes Online Worksheets | ||
| 260 |
_aNew Delhi _bWiley _c2019 |
||
| 300 | _a272;. P. 24 Cm | ||
| 520 | _aGifted By : IMT Faculty | ||
| 999 |
_c41355 _d41355 |
||